000 00405nam a2200145Ia 4500
008 210210b1974 xxu||||| |||| 00| 0 eng d
020 _a0 690 00137 1
082 _a519.5 PHIB
100 _aPHILLIPS (Lawrence D).
245 _aBayesian statistics for social scientists.
260 _aNY
_bThomas Y Crowell company
_c1974
300 _avii,373, A68
690 _aMathematical Statistics
906 _a040840
999 _c90646
_d90646